[Event "J. Richter/Lask BZ-Groeden"]
[Site "?"]
[Date "2013.11.30"]
[Round "4.5"]
[White "Prinoth, Franz"]
[Black "Kowalczyk, Martin"]
[Result "1/2-1/2"]
[WhiteElo "1751"]
[BlackElo "1840"]
[PlyCount "94"]
[EventDate "2013.??.??"]

1. f4 e5 2. fxe5 d6 3. Nf3 dxe5 4. e4 Bg4 5. Bc4 Nf6 6. d3 Bc5 7. Bxf7+ Ke7 8.
Bb3 Nc6 9. Bg5 Qd6 10. Nc3 Nd4 11. Nxd4 exd4 12. Qxg4 dxc3 13. bxc3 h6 14.
Bxf6+ Qxf6 15. Rf1 Qxc3+ 16. Ke2 Raf8 17. Qe6+ Kd8 18. Qd5+ Kc8 19. Rad1 Bb4
20. Qc4 Rxf1 21. Qxc3 Rf2+ 22. Kxf2 Bxc3 23. Ke2 Be5 24. h3 Rf8 25. Be6+ Kd8
26. d4 Ke7 27. Bg4 Bg3 28. Bf3 Rf6 29. Rb1 Rb6 30. Rxb6 axb6 31. e5 c6 32. Kd3
b5 33. Ke4 b4 34. d5 cxd5+ 35. Kxd5 b6 36. Bg4 Bf2 37. e6 Be3 38. Kc4 Bc5 39.
Kb5 Kd6 40. Bf5 Ke5 41. g4 Kd6 42. h4 g6 43. Bxg6 Kxe6 44. g5 hxg5 45. hxg5 Be7
46. Kxb6 Bxg5 47. Kc5 Bd2 1/2-1/2

[Event "J. Richter/Lask BZ-Groeden"]
[Site "?"]
[Date "2013.11.30"]
[Round "4.6"]
[White "Di Lazzaro, Gabriele"]
[Black "Grossi, Christian"]
[Result "0-1"]
[WhiteElo "1828"]
[BlackElo "1757"]
[PlyCount "54"]
[EventDate "2013.??.??"]

1. d4 g6 2. e4 Bg7 3. Nc3 d6 4. Be3 Nf6 5. Qd2 c6 6. Bd3 Nbd7 7. Bh6 O-O 8.
Nge2 e5 9. d5 Nc5 10. dxc6 Nxd3+ 11. cxd3 bxc6 12. h4 Bxh6 13. Qxh6 Ng4 14. Qd2
Qb6 15. d4 exd4 16. Nxd4 Rb8 17. f3 Ne5 18. b3 Ba6 19. h5 Nd3+ 20. Kd1 Qxd4 21.
Re1 d5 22. Rb1 dxe4 23. Nxe4 Rbd8 24. Qg5 Nf4+ 25. Kc2 Bd3+ 26. Kc1 Bxe4 27.
Qxf4 Qc3# 0-1

[Event "SC Algund-SC SSV Bruneck"]
[Site "?"]
[Date "2013.11.30"]
[Round "4.2"]
[White "Hirber, Andreas"]
[Black "Peintner, Andreas"]
[Result "0-1"]
[WhiteElo "1530"]
[BlackElo "1881"]
[PlyCount "76"]
[EventDate "2013.??.??"]

1. e4 c5 2. Nf3 e6 3. c3 d5 4. exd5 Qxd5 5. d4 Nf6 6. Be3 cxd4 7. Qxd4 Qa5 8.
a4 Be7 9. Bb5+ Bd7 10. Qc4 O-O 11. b4 Qd8 12. Bxd7 Nbxd7 13. Nbd2 Nd5 14. Bd4
Rc8 15. Qb3 Qc7 16. Rc1 Nxb4 17. O-O Nc6 18. Be3 Na5 19. Qb2 Bc5 20. Bxc5 Nxc5
21. Qc2 Qf4 22. g3 Qxa4 23. Qxa4 Nxa4 24. Ra1 b5 25. Nd4 a6 26. Rfc1 Rfd8 27.
N4f3 h6 28. c4 Nb7 29. cxb5 axb5 30. Rcb1 Nc3 31. Rb3 Rd3 32. Raa3 b4 33. Ra7
Nc5 34. Rxb4 g5 35. g4 Rcd8 36. Rb2 Ne2+ 37. Kf1 Nd4 38. Ne5 Rc3 0-1

[Event "SC Naturns Jambo III-SK Ehrenburg II"]
[Site "?"]
[Date "2013.11.30"]
[Round "4.3"]
[White "Zambelli, Walter"]
[Black "Amort, Thomas"]
[Result "0-1"]
[WhiteElo "1381"]
[BlackElo "1252"]
[PlyCount "80"]
[EventDate "2013.??.??"]

1. e4 e5 2. Bc4 Nf6 3. d3 Be7 4. Nf3 d6 5. h3 O-O 6. Bg5 Nc6 7. O-O Bd7 8. Nc3
h6 9. Bh4 a6 10. Nh2 Rc8 11. f4 Nxe4 12. Bxe7 Nxc3 13. Bxd8 Nxd1 14. Raxd1
Rcxd8 15. f5 Nd4 16. f6 gxf6 17. Rxf6 Kg7 18. Rf2 Be6 19. Bb3 Nxb3 20. axb3 f5
21. Nf1 Rf6 22. Nd2 Rg6 23. Kh2 Rf8 24. Rdf1 Rgf6 25. g3 Bd5 26. g4 e4 27. dxe4
Bxe4 28. c3 Bd3 29. Re1 fxg4 30. Rxf6 Rxf6 31. Kg3 gxh3 32. Kxh3 Rf2 33. Nc4
Bxc4 34. bxc4 Kf6 35. b4 Rf3+ 36. Kg4 Rxc3 37. Re4 Rb3 38. Rf4+ Ke5 39. c5 h5+
40. Kg5 Rg3+ 0-1

[Event "SC Naturns Jambo-SK Gries"]
[Site "?"]
[Date "2013.11.30"]
[Round "4.1"]
[White "Spornberger, Maximilian"]
[Black "Mukic, Josko"]
[Result "1-0"]
[WhiteElo "2257"]
[BlackElo "2265"]
[PlyCount "55"]
[EventDate "2013.??.??"]

1. e4 d5 2. exd5 Qxd5 3. Nc3 Qd6 4. d4 Nf6 5. Nf3 g6 6. Bc4 Bg7 7. O-O O-O 8.
Nb5 Qd8 9. Bf4 c6 10. Bc7 Qe8 11. Nc3 b5 12. Bb3 Na6 13. Be5 Bb7 14. Qe2 Rd8
15. Rfe1 Qd7 16. Rad1 Rfe8 17. Ng5 e6 18. Nce4 Nxe4 19. Nxe4 Qe7 20. Qe3 h6 21.
Qf4 f5 22. Nd6 g5 23. Qxf5 Rxd6 24. Bxd6 Qxd6 25. Rxe6 Rxe6 26. Bxe6+ Kh8 27.
Qf7 Qb8 28. Re1 1-0

[Event "SC Naturns Jambo-SK Gries"]
[Site "?"]
[Date "2013.11.30"]
[Round "4.2"]
[White "Teutsch, Alexander"]
[Black "Spornberger, Andre"]
[Result "1/2-1/2"]
[WhiteElo "1957"]
[BlackElo "2121"]
[PlyCount "128"]
[EventDate "2013.??.??"]

1. d4 g6 2. e4 Bg7 3. c4 d6 4. Nc3 a6 5. f4 c6 6. Nf3 b5 7. Bd3 Nd7 8. O-O Nh6
9. h3 O-O 10. g4 bxc4 11. Bxc4 d5 12. Bd3 Nb6 13. e5 f6 14. Qe2 f5 15. g5 Nf7
16. b3 Qd7 17. Ba3 Nd8 18. Bc5 Qc7 19. Bxb6 Qxb6 20. Na4 Qa7 21. Nc5 Ne6 22.
Qe3 Nxc5 23. dxc5 e6 24. Rac1 Bd7 25. h4 Rfb8 26. Rf2 Bf8 27. Rfc2 a5 28. Nd4
Be7 29. h5 Kg7 30. Rh2 Rh8 31. Kf2 Rab8 32. hxg6 hxg6 33. Rh6 Rxh6 34. gxh6+
Kf7 35. Nf3 Rh8 36. Ng5+ Kf8 37. Qh3 Bxc5+ 38. Ke2 Be7 39. h7 Bxg5 40. fxg5 Be8
41. Rh1 Qc7 42. Qh6+ Qg7 43. Qh2 c5 44. a4 Bc6 45. Kd2 d4 46. Bc4 Bxh1 47. Qxh1
Qe7 48. Qh6+ Qg7 49. Qh1 Qf7 50. Qc6 Kg7 51. Bxe6 Qe7 52. Bg8 Qxg5+ 53. Kc2 Qe7
54. e6 g5 55. Qd5 Kf6 56. Qh1 Qg7 57. Qc6 Rxg8 58. hxg8=Q Qxg8 59. e7+ Kxe7 60.
Qxc5+ Kf6 61. Qxd4+ Kg6 62. Qd6+ Kg7 63. Qe5+ Kg6 64. Qd6+ Kg7 1/2-1/2

[Event "SC Naturns Jambo-SK Gries"]
[Site "?"]
[Date "2013.11.30"]
[Round "4.4"]
[White "Fox, Jonas"]
[Black "Benaglia, Giovanni"]
[Result "0-1"]
[WhiteElo "1878"]
[BlackElo "1956"]
[PlyCount "96"]
[EventDate "2013.??.??"]

1. e4 b6 2. d4 Bb7 3. f3 e6 4. Bd3 d5 5. Nc3 Nf6 6. Bg5 Be7 7. Nge2 O-O 8. O-O
c5 9. dxc5 bxc5 10. exd5 exd5 11. Nf4 Nbd7 12. Bf5 d4 13. Nce2 h6 14. Bxf6 Nxf6
15. c3 g5 16. Nh3 Nd5 17. Bb1 Ne3 18. Qd3 f5 19. Re1 Bf6 20. cxd4 cxd4 21. Ng3
Be5 22. Nf1 Qd6 23. Nxe3 dxe3 24. Kh1 Qxd3 25. Bxd3 f4 26. Bc4+ Kg7 27. Rad1
Rad8 28. b3 Bc3 29. Rxd8 Rxd8 30. Rc1 Bb2 31. Re1 Rd2 32. Ng1 g4 33. Be2 gxf3
34. gxf3 Bc8 35. Rd1 Bf5 36. Rxd2 exd2 37. Bd1 Kf6 38. Kg2 a5 39. Kf1 Bd3+ 40.
Ne2 Ke5 41. Kf2 Bb1 42. a4 Bd4+ 43. Kf1 Bf5 44. Kg2 h5 45. Kh1 Bh3 46. Bc2 Bf1
47. Bd1 h4 48. Ng1 h3 0-1

[Event "SC Naturns Jambo-SK Gries"]
[Site "?"]
[Date "2013.11.30"]
[Round "4.5"]
[White "Zammarchi, Massimo"]
[Black "Unterthurner, Hans"]
[Result "1-0"]
[WhiteElo "1922"]
[BlackElo "2041"]
[PlyCount "89"]
[EventDate "2013.??.??"]

1. e4 e6 2. d4 d5 3. e5 c5 4. c3 Nc6 5. Nf3 Qb6 6. a3 c4 7. g3 Bd7 8. Bh3 O-O-O
9. O-O Be7 10. Nbd2 Na5 11. Rb1 Nb3 12. Nxb3 Ba4 13. Ng5 Bxb3 14. Qe2 Rf8 15.
f4 Nh6 16. Rf2 Nf5 17. Be3 h5 18. Re1 Ba4 19. Bc1 Be8 20. Qc2 g6 21. Bg2 Nh6
22. Rfe2 h4 23. Be3 hxg3 24. hxg3 Ng4 25. Qd2 Qd8 26. Bf3 Nh6 27. Rh2 Nf5 28.
Rxh8 Rxh8 29. Kg2 Bxg5 30. fxg5 Ba4 31. Bf2 Qg8 32. Rh1 Bb3 33. Qf4 Bc2 34.
Rxh8 Qxh8 35. g4 Nh4+ 36. Bxh4 Qxh4 37. Qxf7 Bf5 38. Qe8+ Kc7 39. Qe7+ Kb6 40.
gxf5 exf5 41. a4 Ka6 42. Qf6+ b6 43. Qxg6 f4 44. Bxd5 Qg3+ 45. Kf1 1-0

[Event "SC Naturns Jambo-SK Gries"]
[Site "?"]
[Date "2013.11.30"]
[Round "4.6"]
[White "Naegele, Norbert"]
[Black "Niederstaetter, Harald"]
[Result "1/2-1/2"]
[WhiteElo "1878"]
[BlackElo "1912"]
[PlyCount "30"]
[EventDate "2013.??.??"]

1. e4 c6 2. Ne2 e5 3. d4 Nf6 4. Nbc3 d6 5. dxe5 dxe5 6. Qxd8+ Kxd8 7. Bg5 Nbd7
8. O-O-O Bb4 9. a3 Ba5 10. f4 Ke8 11. h3 Bc7 12. g3 Nh5 13. f5 b5 14. Bg2 Bb6
15. Rhf1 Bb7 1/2-1/2

[Event "SG Kaltern/Tramin II-CSK Merania"]
[Site "?"]
[Date "2013.11.30"]
[Round "4.1"]
[White "Kaserer, Hanspeter"]
[Black "Unterkofler, Alex"]
[Result "1-0"]
[WhiteElo "1711"]
[BlackElo "1713"]
[PlyCount "57"]
[EventDate "2013.??.??"]

1. d4 Nf6 2. c4 g6 3. Nc3 d5 4. e3 Bg7 5. cxd5 Nxd5 6. Bc4 Nxc3 7. bxc3 O-O 8.
Nf3 c5 9. O-O Nc6 10. Bb2 Bg4 11. Be2 Qa5 12. Nd2 Bxe2 13. Qxe2 cxd4 14. cxd4
Rac8 15. Nb3 Qb4 16. Nc5 b6 17. Ne4 Rc7 18. Nc3 Rd8 19. Rfc1 Bxd4 20. exd4 Nxd4
21. Qe5 Rcd7 22. Rab1 Qc4 23. a4 f6 24. Qe3 e5 25. h3 Nf5 26. Qe2 Qf4 27. Ne4
Rd2 28. Nxd2 Rxd2 29. Qc4+ 1-0

[Event "SG Kaltern/Tramin II-CSK Merania"]
[Site "?"]
[Date "2013.11.30"]
[Round "4.2"]
[White "Leimgruber, Erich"]
[Black "Tappeiner, Michael"]
[Result "1/2-1/2"]
[WhiteElo "1624"]
[BlackElo "1761"]
[PlyCount "79"]
[EventDate "2013.??.??"]

1. e4 c6 2. Nf3 d5 3. exd5 cxd5 4. d4 Nf6 5. Be2 Nc6 6. c3 Bf5 7. Bf4 Qb6 8.
Qb3 e6 9. Qxb6 axb6 10. Nbd2 Be7 11. Nh4 Bg6 12. Nxg6 hxg6 13. h3 Nh5 14. Bc7
Bd8 15. Bxd8 Rxd8 16. Bxh5 Rxh5 17. f4 Ke7 18. Ke2 Rf5 19. Ke3 g5 20. Raf1 f6
21. fxg5 Rxg5 22. g4 Rh8 23. Nf3 Rg6 24. Rfg1 Rgh6 25. h4 g5 26. h5 Ra8 27. a3
Na5 28. Nd2 b5 29. Kd3 b6 30. Ke3 Nb7 31. Kf3 Nd6 32. Ke2 Rg8 33. Kd3 Rh7 34.
Rg2 Nf7 35. Re1 Re8 36. Rf1 Nh6 37. Nf3 Rg7 38. Re1 Kd6 39. Rf1 Rf7 40. Kc2
1/2-1/2

[Event "SG Kaltern/Tramin II-CSK Merania"]
[Site "?"]
[Date "2013.11.30"]
[Round "4.3"]
[White "Tomisich, Claudio"]
[Black "Steinegger, Elmar"]
[Result "0-1"]
[WhiteElo "1471"]
[BlackElo "1441"]
[PlyCount "108"]
[EventDate "2013.??.??"]

1. e4 e5 2. Nf3 Nc6 3. Bb5 Nge7 4. c3 a6 5. Ba4 b5 6. Bb3 h6 7. O-O Bb7 8. d4
d6 9. dxe5 dxe5 10. Qe2 Ng6 11. Rd1 Qf6 12. Be3 Bd6 13. Nbd2 O-O 14. c4 b4 15.
Nf1 Na5 16. Bc2 Nf4 17. Bxf4 Qxf4 18. Ng3 g6 19. b3 Bc8 20. Qd2 Bg4 21. Qd5
Bxf3 22. gxf3 Nxc4 23. Qxc4 Qxf3 24. Qd3 Qg4 25. Re1 Bc5 26. Qd5 Bd4 27. Rad1
h5 28. Rd3 h4 29. Bd1 Qf4 30. Rxd4 exd4 31. Ne2 Qd2 32. Kf1 Rad8 33. Qc4 h3 34.
Ng3 d3 35. e5 Qc3 36. Qg4 Rd4 37. Ne4 Rxe4 38. Rxe4 d2 39. Re3 Qc5 40. e6 Kg7
41. exf7 Rxf7 42. Qe2 Qd5 43. Rf3 Rd7 44. Qc4 Qe5 45. Qe2 Qxh2 46. Rg3 Qh1+ 47.
Rg1 Qd5 48. Qc4 h2 49. Qxd5 hxg1=Q+ 50. Kxg1 Rxd5 51. Kf1 Re5 52. f3 Kf6 53.
Kf2 Kg5 54. Kg2 Kf4 0-1

[Event "SG Kaltern/Tramin II-CSK Merania"]
[Site "?"]
[Date "2013.11.30"]
[Round "4.4"]
[White "Sinner, Armin"]
[Black "Ladurner, Hans"]
[Result "1-0"]
[WhiteElo "1596"]
[BlackElo "1515"]
[PlyCount "57"]
[EventDate "2013.??.??"]

1. e4 g6 2. d4 Bg7 3. Nf3 d6 4. Bc4 Nf6 5. Nc3 O-O 6. Bg5 c6 7. Bb3 Qc7 8. Qd2
b5 9. a3 Ba6 10. h4 h5 11. Bh6 e6 12. Bxg7 Kxg7 13. Ng5 Bc8 14. f3 a6 15. Rg1
c5 16. g4 c4 17. Ba2 Qb6 18. Ne2 e5 19. gxh5 Nxh5 20. c3 f6 21. O-O-O fxg5 22.
Qxg5 Rf6 23. Qxh5 Nc6 24. Qg5 Ne7 25. h5 Be6 26. hxg6 Nxg6 27. f4 exf4 28. Nxf4
Bf7 29. Nh5+ 1-0

[Event "SG Kaltern/Tramin II-CSK Merania"]
[Site "?"]
[Date "2013.11.30"]
[Round "4.5"]
[White "Sbalchiero, Lorenzo"]
[Black "Sanin, Wilfried"]
[Result "1-0"]
[WhiteElo "1520"]
[BlackElo "1495"]
[PlyCount "90"]
[EventDate "2013.??.??"]

1. d4 g6 2. c4 Bg7 3. Nc3 e5 4. d5 d6 5. e4 Nf6 6. h3 O-O 7. Nf3 c6 8. Bd3 cxd5
9. cxd5 Nbd7 10. O-O Nc5 11. Be3 b6 12. Rc1 a5 13. Re1 Nh5 14. Be2 Nf6 15. Bd3
Ba6 16. Bxa6 Rxa6 17. Qe2 Ra8 18. Nd2 Nh5 19. Kh2 Nf4 20. Bxf4 exf4 21. Nf3 Re8
22. Qd2 g5 23. Nd4 Bxd4 24. Qxd4 Re5 25. f3 Qe7 26. Nd1 Re8 27. Nf2 f5 28. Qd2
fxe4 29. Ng4 e3 30. Qd4 Qg7 31. Nxe5 Rxe5 32. Re2 Qf7 33. Rd1 h5 34. Kg1 Qf5
35. b3 g4 36. hxg4 hxg4 37. fxg4 Qxg4 38. Rde1 Qf5 39. Rd1 Qg4 40. Rde1 Kf7 41.
Rf1 Ne4 42. Rxe3 Qf5 43. g3 Ke7 44. Rxf4 Qh3 45. Rfxe4 Kd7 1-0

[Event "SG Kaltern/Tramin-SC Naturns Jambo II"]
[Site "?"]
[Date "2013.11.30"]
[Round "4.1"]
[White "Gurschler, Thomas"]
[Black "Paltrinieri, Nicholas"]
[Result "0-1"]
[WhiteElo "1806"]
[BlackElo "2155"]
[PlyCount "108"]
[EventDate "2013.??.??"]

1. d4 e6 2. Bf4 f5 3. e3 Nf6 4. Nf3 b6 5. Be2 Bb7 6. O-O Be7 7. c4 O-O 8. h3
Ne4 9. Nc3 d6 10. a4 Nxc3 11. bxc3 a5 12. Ne1 Nd7 13. Bf3 Bxf3 14. Nxf3 Qe8 15.
Qe2 Bf6 16. Bg5 e5 17. Bxf6 Rxf6 18. Nd2 Qe7 19. Rae1 Re8 20. Qd1 Re6 21. Qb3
Kh8 22. Qb1 g6 23. Qa1 Kg8 24. Qa2 Kg7 25. Qb1 h5 26. Re2 Qf6 27. Qb5 R6e7 28.
Rfe1 g5 29. Qc6 Nf8 30. c5 dxc5 31. Qxf6+ Kxf6 32. dxc5 bxc5 33. Nc4 Rd7 34.
Rb2 Rd3 35. Rc1 Ne6 36. Rb5 Red8 37. Kf1 Rd1+ 38. Rxd1 Rxd1+ 39. Ke2 Rc1 40.
Kd2 Ra1 41. Nb2 h4 42. Rxa5 Rg1 43. Nd3 Rxg2 44. Ra8 g4 45. Rg8 gxh3 46. Rh8
Rg4 47. f4 h2 48. Nf2 Kg7 49. Rh5 exf4 50. a5 fxe3+ 51. Kxe3 Re4+ 52. Kd2 Ra4
53. a6 Ra2+ 54. Ke1 Rxf2 0-1

[Event "SG Kaltern/Tramin-SC Naturns Jambo II"]
[Site "?"]
[Date "2013.11.30"]
[Round "4.2"]
[White "Panjkovic, Aleksandar"]
[Black "Pichler, Christoph"]
[Result "1/2-1/2"]
[WhiteElo "2135"]
[BlackElo "1836"]
[PlyCount "90"]
[EventDate "2013.??.??"]

1. c4 e5 2. g3 g6 3. Bg2 Bg7 4. Nc3 Ne7 5. e4 d6 6. Nge2 Be6 7. d3 Qd7 8. Nd5
Nbc6 9. Bh6 O-O 10. Qd2 f5 11. Bxg7 Kxg7 12. f4 Rab8 13. O-O h6 14. b3 Kh7 15.
d4 Nxd4 16. Nxd4 exd4 17. Qxd4 Bxd5 18. exd5 b6 19. Rfe1 Ng8 20. Re3 Qg7 21.
Qxg7+ Kxg7 22. Rae1 Kf7 23. Kf2 Rbe8 24. Bf3 Rxe3 25. Rxe3 Nf6 26. Ke2 Re8 27.
Rxe8 Kxe8 28. Kd3 a5 29. a3 Ke7 30. b4 axb4 31. axb4 Nd7 32. Kd4 h5 33. Kc3 Nf6
34. h3 Nd7 35. Kd4 Nf6 36. Ke3 Kf7 37. Be2 Ke7 38. Bd3 Kf7 39. Kd4 Nd7 40. Bc2
Ke7 41. Bb1 Kf6 42. Bd3 Kf7 43. Bc2 Ke7 44. Ba4 Nf6 45. Bc2 Nd7 1/2-1/2

[Event "SG Kaltern/Tramin-SC Naturns Jambo II"]
[Site "?"]
[Date "2013.11.30"]
[Round "4.3"]
[White "Gurschler, Markus"]
[Black "Waldner, Mirko"]
[Result "0-1"]
[WhiteElo "1575"]
[BlackElo "1850"]
[PlyCount "49"]
[EventDate "2013.??.??"]

1. d4 Nf6 2. Bf4 d6 3. Nf3 g6 4. e3 Bg7 5. h3 O-O 6. Bc4 c6 7. c3 b5 8. Bb3 a5
9. O-O Bb7 10. Nbd2 c5 11. dxc5 dxc5 12. Ne5 c4 13. Bc2 Qb6 14. Qe2 Nbd7 15.
Rfd1 Nxe5 16. Bxe5 Qe6 17. Bxf6 Bxf6 18. Nf3 Rfd8 19. Rxd8+ Rxd8 20. Rd1 Rd6
21. Rxd6 Qxd6 22. Nd4 Qc7 23. Nxb5 Qc6 24. f3 Qxb5 25. Bd1 0-1

[Event "SG Kaltern/Tramin-SC Naturns Jambo II"]
[Site "?"]
[Date "2013.11.30"]
[Round "4.4"]
[White "Dallaglio, Giovanni"]
[Black "Naegele, Raimund"]
[Result "1-0"]
[WhiteElo "1792"]
[BlackElo "1665"]
[PlyCount "51"]
[EventDate "2013.??.??"]

1. d4 Nf6 2. Nf3 e6 3. c4 b6 4. a3 Bb7 5. Nc3 Be7 6. e3 O-O 7. Bd3 d5 8. cxd5
exd5 9. O-O Nbd7 10. Qc2 c5 11. Ne5 Rc8 12. g4 cxd4 13. exd4 Ne4 14. Bxe4 dxe4
15. Be3 Nf6 16. Qe2 Re8 17. Rac1 Nd5 18. Nxe4 Nxe3 19. Rxc8 Qxc8 20. Qxe3 Qc2
21. Re1 f5 22. Ng3 Qxb2 23. Nc4 Qb5 24. Qe6+ Kh8 25. Nd6 Qc6 26. Nf7+ 1-0

[Event "SG Kaltern/Tramin-SC Naturns Jambo II"]
[Site "?"]
[Date "2013.11.30"]
[Round "4.5"]
[White "Zoeschg, Herbert"]
[Black "Thaler, Elmar"]
[Result "1/2-1/2"]
[WhiteElo "1490"]
[BlackElo "1794"]
[PlyCount "30"]
[EventDate "2013.??.??"]

1. d4 c6 2. Nf3 d5 3. Bf4 Nf6 4. h3 Bf5 5. e3 h6 6. Bd3 Bxd3 7. Qxd3 e6 8. Nbd2
Bd6 9. Ne5 Qc7 10. O-O O-O 11. c4 Nbd7 12. Nxd7 Qxd7 13. Bxd6 Qxd6 14. c5 Qe7
15. b4 b6 1/2-1/2

[Event "SG Kaltern/Tramin-SC Naturns Jambo II"]
[Site "?"]
[Date "2013.11.30"]
[Round "4.6"]
[White "Dibiasi, Rainer"]
[Black "Wielander, Wolfgang"]
[Result "1-0"]
[WhiteElo "1797"]
[BlackElo "1417"]
[PlyCount "129"]
[EventDate "2013.??.??"]

1. e4 c5 2. Nf3 d6 3. d4 cxd4 4. Nxd4 Nf6 5. Nc3 a6 6. Be2 e6 7. Be3 Be7 8. g4
b5 9. g5 Nfd7 10. Qd2 Bb7 11. f3 Qc7 12. a3 Ne5 13. O-O Nbd7 14. f4 Nc4 15.
Bxc4 Qxc4 16. b3 Qc7 17. f5 e5 18. Nde2 Nc5 19. Nd5 Qc6 20. Bxc5 Qxc5+ 21. Kh1
Bd8 22. a4 Rc8 23. c3 O-O 24. f6 g6 25. h4 Re8 26. axb5 axb5 27. Rac1 Kf8 28.
h5 Bb6 29. b4 Qc4 30. Ng3 Bxd5 31. Qxd5 Qxd5 32. exd5 Rc4 33. hxg6 hxg6 34. Kg2
Ra8 35. Ra1 Ra4 36. Rxa4 bxa4 37. Ra1 Rxc3 38. Rxa4 Rc2+ 39. Kh3 Ke8 40. Ra6
Bc7 41. Ra8+ Bd8 42. Ne4 Kd7 43. Nxd6 Bxf6 44. Nxf7 Rc3+ 45. Kg2 Be7 46. Ra7+
Ke8 47. Nxe5 Bxb4 48. Nxg6 Bd6 49. Ra6 Kd7 50. Kf2 Rd3 51. Nh8 Rxd5 52. g6 Bc5+
53. Kf3 Bd4 54. Ke4 Rd6 55. Rxd6+ Kxd6 56. Kxd4 Ke6 57. Nf7 Kf6 58. Ne5 Kf5 59.
Kd5 Kf6 60. Kd6 Kg7 61. Ke6 Kh8 62. Kf6 Kg8 63. Ng4 Kh8 64. g7+ Kg8 65. Nh6+
1-0

[Event "SK Deutschnofen-Brixen/Milland"]
[Site "?"]
[Date "2013.11.30"]
[Round "4.1"]
[White "Sader, Michael"]
[Black "Micheli, Carlo"]
[Result "1-0"]
[WhiteElo "2179"]
[BlackElo "2268"]
[PlyCount "81"]
[EventDate "2013.??.??"]

1. Nf3 f5 2. c4 g6 3. g3 Bg7 4. Bg2 Nf6 5. O-O d6 6. Nc3 e5 7. d3 O-O 8. c5 Nc6
9. cxd6 cxd6 10. b4 Qe7 11. b5 Nd8 12. a4 Nf7 13. Ba3 Be6 14. d4 e4 15. d5 Bd7
16. Nd4 Rfc8 17. Rc1 Ne5 18. a5 Nc4 19. Bb4 Ng4 20. a6 bxa6 21. Nc6 Qe8 22.
Nxe4 Nce3 23. Nxd6 Nxd1 24. Nxe8 Rxe8 25. Rcxd1 axb5 26. d6 Kh8 27. Ne7 Rab8
28. Ra1 Bd4 29. e3 Bxa1 30. Rxa1 Rxe7 31. dxe7 Rc8 32. Rxa7 Rc1+ 33. Bf1 Be8
34. Ra8 Nf6 35. Bd6 Kg8 36. Be5 Nd7 37. Rxe8+ Kf7 38. Rh8 Kxe7 39. Rxh7+ Ke6
40. Bd4 b4 41. Kg2 1-0

[Event "SK Deutschnofen-Brixen/Milland"]
[Site "?"]
[Date "2013.11.30"]
[Round "4.2"]
[White "Gibitz, Othmar"]
[Black "Brenninger, Daniel"]
[Result "0-1"]
[WhiteElo "1655"]
[BlackElo "2072"]
[PlyCount "73"]
[EventDate "2013.??.??"]

1. e4 Nf6 2. Nc3 d5 3. exd5 Nxd5 4. Bc4 c6 5. Nf3 Bg4 6. h3 Bh5 7. Ne4 e6 8.
Ng3 Bg6 9. d4 Bd6 10. O-O Nd7 11. c3 Qc7 12. Nh1 h6 13. Re1 O-O-O 14. Nh4 Bh7
15. g3 g5 16. Ng2 Bf5 17. Kh2 Rdg8 18. Bxd5 exd5 19. Ne3 Be6 20. Qf3 h5 21. Nf5
h4 22. Kg2 hxg3 23. Nhxg3 Rxh3 24. Kxh3 g4+ 25. Qxg4 Rxg4 26. Kxg4 Bxg3 27.
Rxe6 fxe6 28. Nxg3 Nf6+ 29. Kf3 Qf7 30. Ke2 Qh5+ 31. Ke1 Qf3 32. Nf1 Qd3 33.
Ne3 Ne4 34. Nf1 b6 35. Be3 Kb7 36. a3 Nf6 37. b4 0-1

[Event "SK Deutschnofen-Brixen/Milland"]
[Site "?"]
[Date "2013.11.30"]
[Round "4.3"]
[White "Kofler, Thomas"]
[Black "Thurner, Markus"]
[Result "1/2-1/2"]
[WhiteElo "1940"]
[BlackElo "1876"]
[PlyCount "49"]
[EventDate "2013.??.??"]

1. c4 f5 2. h3 d6 3. d4 Nf6 4. Nf3 g6 5. Bg5 Bg7 6. Qc1 Nc6 7. Bh6 O-O 8. Nc3
e5 9. Bxg7 Kxg7 10. d5 Ne7 11. g4 fxg4 12. hxg4 Nxg4 13. Ng5 Rxf2 14. Nce4 Rh2
15. Rxh2 Nxh2 16. Qc3 h6 17. Bh3 Nf5 18. Ne6+ Bxe6 19. dxe6 Qh4+ 20. Nf2 Rf8
21. Rc1 Nd4 22. Qe3 Rf4 23. c5 Ng4 24. Bxg4 Rxg4 25. cxd6 1/2-1/2

[Event "SK Deutschnofen-Brixen/Milland"]
[Site "?"]
[Date "2013.11.30"]
[Round "4.4"]
[White "Hofer, Alois"]
[Black "Kofler, Oswald"]
[Result "1-0"]
[WhiteElo "1734"]
[BlackElo "1828"]
[PlyCount "65"]
[EventDate "2013.??.??"]

1. e4 e5 2. Nf3 d6 3. d4 Nd7 4. Be2 Ngf6 5. Nc3 Be7 6. O-O h6 7. Re1 c6 8. h3
Qc7 9. Be3 Nf8 10. d5 g5 11. Nh2 Ng6 12. Ng4 Nf4 13. Nxf6+ Bxf6 14. Bg4 h5 15.
Bxc8 Rxc8 16. f3 Ke7 17. Qd2 Rcg8 18. Rf1 Rg7 19. Rf2 g4 20. Bxf4 exf4 21. fxg4
Be5 22. gxh5 Rxh5 23. Kf1 Qb6 24. Rb1 Rhg5 25. Ne2 f3 26. gxf3 Qa6 27. Qd3 Qxa2
28. Rd1 R5g6 29. dxc6 bxc6 30. f4 Bxb2 31. e5 Qa3 32. Qxa3 Bxa3 33. f5 1-0

[Event "SK Deutschnofen-Brixen/Milland"]
[Site "?"]
[Date "2013.11.30"]
[Round "4.5"]
[White "Wisthaler, Lukas"]
[Black "Welsch, Ulrich"]
[Result "1/2-1/2"]
[WhiteElo "1816"]
[BlackElo "1531"]
[PlyCount "113"]
[EventDate "2013.??.??"]

1. e4 e6 2. d4 d5 3. Nc3 Nf6 4. Bg5 dxe4 5. Nxe4 Nbd7 6. Nf3 Be7 7. Nxf6+ Bxf6
8. Bxf6 Nxf6 9. Bd3 c5 10. O-O cxd4 11. Nxd4 O-O 12. Re1 Qd5 13. Nf3 Qa5 14.
Ne5 Rd8 15. Qf3 Rd5 16. Qf4 Qb6 17. b3 Bd7 18. Rad1 Bc6 19. c4 Rdd8 20. Re3 Qb4
21. Rg3 Qe7 22. Qg5 g6 23. Ng4 Kg7 24. Rh3 Rh8 25. Qh6+ Kg8 26. Ne5 Rd8 27. Qg5
Kg7 28. Qh6+ Kg8 29. Qg5 Kg7 30. Qh6+ Kg8 31. Qe3 a6 32. Re1 Qa3 33. Bb1 Qb4
34. Qc1 Qd2 35. Qxd2 Rxd2 36. Rd3 Rxd3 37. Bxd3 Kf8 38. Be2 Ke7 39. Nxc6+ bxc6
40. Bf3 Kd6 41. c5+ Kc7 42. Rd1 Nd5 43. Kf1 Rb8 44. Rd2 a5 45. Be2 Rb4 46. Rc2
a4 47. Bc4 axb3 48. axb3 Rb7 49. Ra2 Kd7 50. Ra8 Ke7 51. Rc8 Nb4 52. Ke2 Kf6
53. g3 g5 54. Ke3 Kf5 55. Rh8 f6 56. Re8 Nd5+ 57. Kf3 1/2-1/2

[Event "SK Deutschnofen-Brixen/Milland"]
[Site "?"]
[Date "2013.11.30"]
[Round "4.6"]
[White "Ebner, Fabian"]
[Black "Piela, Jonas"]
[Result "1-0"]
[WhiteElo "1407"]
[BlackElo "1643"]
[PlyCount "94"]
[EventDate "2013.??.??"]

1. d4 Nf6 2. c4 c5 3. d5 e6 4. Nc3 exd5 5. cxd5 d6 6. e4 g6 7. Nf3 Bg4 8. Be2
Bg7 9. Qc2 O-O 10. O-O Re8 11. Re1 Bxf3 12. Bxf3 Na6 13. a3 Nc7 14. Bf4 Qe7 15.
Re2 Nd7 16. Rae1 Ne5 17. Bxe5 Bxe5 18. g3 b5 19. Na2 a5 20. b3 Na6 21. Bg2 Rac8
22. Qd2 Qc7 23. Bh3 Rcd8 24. Rc1 Qb6 25. Kh1 Nb8 26. f4 Bg7 27. f5 Nd7 28. fxg6
hxg6 29. Rf1 Ne5 30. Nc1 c4 31. bxc4 Nxc4 32. Qf4 Ne5 33. Nd3 Nxd3 34. Qxf7+
Kh8 35. Qxg6 Qc7 36. Bf5 Bf8 37. Qh5+ Kg8 38. Be6+ Rxe6 39. dxe6 Ne5 40. Ref2
Qb7 41. Qg5+ Bg7 42. Qxd8+ Kh7 43. e7 Qxe4+ 44. Kg1 Qe3 45. e8=Q Nf3+ 46. Kg2
Ne5 47. Qh5+ Bh6 1-0

[Event "SK Ehrenburg-ASD Arci Scacchi BZ"]
[Site "?"]
[Date "2013.11.30"]
[Round "4.1"]
[White "Olivetti, Davide"]
[Black "Hengl, Christian"]
[Result "1/2-1/2"]
[WhiteElo "1862"]
[BlackElo "2183"]
[PlyCount "161"]
[EventDate "2013.??.??"]

1. e4 c5 2. Nc3 Nc6 3. f4 g6 4. Nf3 Bg7 5. Bb5 Nd4 6. O-O Nxb5 7. Nxb5 d5 8. d3
a6 9. Nc3 d4 10. Ne2 e6 11. Qe1 Ne7 12. a4 O-O 13. g4 f5 14. g5 Re8 15. e5 b6
16. h4 Bb7 17. h5 Qd7 18. Bd2 Red8 19. Qh4 Rac8 20. b3 Bc6 21. Qf2 Bf8 22. hxg6
hxg6 23. Kg2 b5 24. axb5 axb5 25. Rh1 Qb7 26. Rh3 Ra8 27. Rah1 Bg7 28. Neg1 Ra2
29. Qh4 Kf7 30. Kg3 Rxc2 31. Ba5 Rg8 32. Qh7 Qa8 33. Bc7 Qa2 34. R1h2 Rxh2 35.
Rxh2 Qxb3 36. Bd6 Rh8 37. Qxh8 Bxh8 38. Rxh8 Kg7 39. Rd8 Nd5 40. Rc8 Qxd3 41.
Rxc6 c4 42. Bc5 c3 43. Bxd4 b4 44. Nh3 Qb5 45. Rxe6 b3 46. Rd6 b2 47. e6+ Kf8
48. Bf6 b1=Q 49. Rd8+ Qe8 50. e7+ Nxe7 51. Rxe8+ Kxe8 52. Bxc3 Nd5 53. Be5 Ne3
54. Bd4 Ng4 55. Bc5 Qc2 56. Bd4 Kf7 57. Bb6 Qb3 58. Ba7 Ke6 59. Bg1 Kd5 60. Ba7
Ke4 61. Nhg1 Qa3 62. Bd4 Ne3 63. Bb6 Qb2 64. Bxe3 Kxe3 65. Nh3 Qe2 66. Ne5 Qe1+
67. Kg2 Qe2+ 68. Kg3 Qa6 69. Kg2 Ke4 70. Kf2 Qa3 71. Kg2 Qd6 72. Kf2 Qd2+ 73.
Kg3 Qe3+ 74. Kg2 Qe2+ 75. Kg3 Ke3 76. Nxg6 Qe1+ 77. Kg2 Ke2 78. Ng1+ Ke3 79.
Nh3 Qe2+ 80. Kg3 Qg4+ 81. Kh2 1/2-1/2